Tuyển tập Quốc ngữ chọn lọc - Văn học cổ điển

Wedi'i Gadw mewn:
Manylion Llyfryddiaeth
Fformat: Llyfr
Tagiau: Ychwanegu Tag
Dim Tagiau, Byddwch y cyntaf i dagio'r cofnod hwn!
Thư viện lưu trữ: Mạng thư viện Đại học Đà Nẵng
LEADER 00441nam a22001691a 4500
001 000040415
003 16710
005 20160412022924.0
008 160412s0 000
082 |a 4N(TK)2228-29 
245 |a Tuyển tập Quốc ngữ chọn lọc - Văn học cổ điển 
OWN |a LNN 
999 |a From the UDN01 
TYP |a Monograph 
980 |a Mạng thư viện Đại học Đà Nẵng